Statistics for Biggest Cities in Rajasthan

Click here to take the quiz!

General Stats

  • This quiz has been taken 25 times
  • The average score is 6 of 10

Answer Stats

PopulationCity% Correct
3,046,163Jaipur
100%
1,138,300Jodhpur
84%
1,001,694Kota
79%
474,531Udaipur
79%
551,101Ajmer
74%
644,406Bikaner
68%
341,422Alwar
32%
249,914Ganganagar
32%
252,838Bharatpur
26%
359,483Bhilwara
26%

Score Distribution

Percentile by Number Answered

Percent of People with Each Score

Your Score History

You have not taken this quiz